金属イオンの沈殿 - Statistics

General Stats
  • This quiz has been taken 28 times
  • The average score is 44 of 64
Answer Stats
試薬 イオン 沈殿の有無、色、溶液の色 注釈 % Correct
Zn²⁺ 酸性 なし
100%
塩基性、中性 白色沈殿
100%
硫化水素 Ag⁺ 酸性 黒色沈殿
95%
硫化水素 塩基性、中性 黒色沈殿
95%
Fe²⁺ 酸性 なし
95%
塩基性、中性 黒色沈殿
95%
Ca²⁺ 酸性 なし
95%
塩基性、中性 なし
95%
Cu²⁺ 酸性 黒色沈殿
89%
塩基性、中性 黒色沈殿
89%
Pb²⁺ 酸性 黒色沈殿
84%
塩基性、中性 黒色沈殿
84%
Al³⁺ 酸性 なし
84%
Mn²⁺ 酸性 なし
84%
塩基性、中性 黒色沈殿
79%
Cd²⁺ 酸性 黄色沈殿
79%
塩基性、中性 黄色沈殿
79%
Ni²⁺ 酸性 なし
79%
塩基性、中性 黒色沈殿
79%
塩基性、中性 淡桃色沈殿
74%
アンモニア水 Ag⁺ 少量 褐色沈殿 酸化物
74%
塩酸 Ag⁺ 白色沈殿
74%
Pb²⁺ 白色沈殿
74%
塩基性、中性 白色沈殿 硫化物は生じない
68%
過剰量 無色溶液 錯イオン
68%
Zn²⁺ 少量 白色沈殿 水酸化物
68%
過剰量 無色溶液 錯イオン
68%
Ca²⁺ 少量 なし
68%
過剰量 なし
68%
過剰量 深青色溶液 錯イオン
68%
Fe³⁺ 少量 赤褐色沈殿 水酸化物
68%
過剰量 赤褐色沈殿 水酸化物
68%
Fe²⁺ 少量 緑白色沈殿 水酸化物
63%
過剰量 緑白色沈殿 水酸化物
63%
水酸化ナトリウム水溶液 Ag⁺ 少量 褐色沈殿 酸化物
63%
過剰量 褐色沈殿 酸化物
63%
Zn²⁺ 少量 白色沈殿 水酸化物
63%
過剰量 無色溶液 錯イオン
63%
Fe²⁺ 少量 緑白色沈殿 水酸化物
63%
過剰量 緑白色沈殿 水酸化物
63%
Cu²⁺ 少量 青白色沈殿 水酸化物
63%
過剰量 青白色沈殿 水酸化物
63%
Fe³⁺ 少量 赤褐色沈殿 水酸化物
63%
過剰量 赤褐色沈殿 水酸化物
63%
過剰量 無色溶液 錯イオン
63%
過剰量 無色溶液 錯イオン
63%
K₄[Fe(CN)₆] Fe³⁺ 濃青色沈殿(プルシアンブルー、ベルリンブルー、紺青)
63%
Fe³⁺ 酸性 淡緑色溶液 イオン
58%
Cu²⁺ 少量 青白色沈殿 水酸化物
58%
Pb²⁺ 少量 白色沈殿 水酸化物
58%
過剰量 白色沈殿 水酸化物
58%
Al³⁺ 少量 白色沈殿 水酸化物
58%
過剰量 白色沈殿 水酸化物
58%
Ca²⁺ 少量 白色沈殿 水酸化物
58%
過剰量 白色沈殿 水酸化物
58%
Pb²⁺ 少量 白色沈殿 水酸化物
58%
Al³⁺ 少量 白色沈殿 水酸化物
58%
Fe²⁺ 濃青色沈殿(ターンブルブルー)
58%
酢酸鉛(II)水溶液 CrO₄²⁻ 黄色沈殿
53%
BaCl₂ CrO₄²⁻ 黄色沈殿
53%
KSCN Fe³⁺ 血赤色溶液
53%
硝酸銀水溶液 CrO₄²⁻ 赤褐色沈殿
47%
Fe²⁺ 青白色沈殿
37%
K₃[Fe(CN)₆] Fe³⁺ 暗褐色溶液
21%
No matching quizzes found
Score Distribution
Percent of People with Each Score
Percentile by Number Answered
Your Score History
You have not taken this quiz